000 00810nam a22002177a 4500
005 20251108164926.0
008 250721s2000 xx 000 0 ara d
082 1 4 _aم/3479565/خلا
100 1 _aخلاد، محمد
245 1 0 _aالإجتهاد القضائي :
_bالمبادىء القانونية لمحكمة التمييز في المواد المدنية و التجارية من سنة 1992 حتى سنة 1998 /
264 1 _aعمان :
_bالدار العلمية الدولية،
_c2000.
300 _a6ج.
490 0 _aالمكتبة القانونية ؛401
650 1 7 _aالقانون المدني
650 1 7 _aالقضاة
650 1 7 _aالإجتهاد القضائي
650 1 7 _aالمحاكمات
700 1 _aخلاد، يوسف
942 _2ddc
_cREF
999 _c17611
_d17611